AH International Schools' Libraries

Stacey's Mistake / (Record no. 48537)

MARC details
000 -LEADER
fixed length control field 00365nam a2200121 4500
020 ## - INTERNATIONAL STANDARD BOOK NUMBER
International Standard Book Number 978-1338616132
100 ## - MAIN ENTRY--PERSONAL NAME
Personal name Martin, Ann M.,
Relator term author.
245 ## - TITLE STATEMENT
Title Stacey's Mistake /
Statement of responsibility, etc Base on the novel by Ann M. Martin.
260 ## - PUBLICATION, DISTRIBUTION, ETC. (IMPRINT)
Name of publisher, distributor, etc Graphix,
Date of publication, distribution, etc 2023.
300 ## - PHYSICAL DESCRIPTION
Extent 160 pages.
Dimensions 5.5 x 0.5 x 8 inches.
490 ## - SERIES STATEMENT
Series statement The baby-sitters club graphic novel ; 14
942 ## - ADDED ENTRY ELEMENTS (KOHA)
Source of classification or shelving scheme
Koha item type Book
Holdings
Withdrawn status Lost status Source of classification or shelving scheme Damaged status Not for loan Home library Current library Date acquired Total Checkouts Total Renewals Full call number Barcode Date last seen Date checked out Price effective from Koha item type
          Logos International School Logos International School 03/06/2025 28 1 J GRAPHIC MAR 040469 04/27/2026 04/20/2026 03/06/2025 Book

For any Logos Library related questions please contact Miss Art at swongnarasuk@asianhope.org.

For any Asian Hope Library related questions please contact Miss Raza at graza@asianhope.org.

Powered by Koha